| 000 | 01495cam a22003498a 4500 | ||
|---|---|---|---|
| 090 | _c0 | ||
| 001 | 14425691 | ||
| 005 | 20080307085057.0 | ||
| 008 | 060623s2007 nyu 001 0 eng | ||
| 010 | _a2006020847 | ||
| 020 | _a9780470047811 (pbk.) | ||
| 020 | _a047004781X (pbk.) | ||
| 040 |
_aDLC _cDLC _dDLC |
||
| 050 | 0 | 0 |
_aHG4521 _b.J663 2007 |
| 082 | 0 | 0 |
_a332.6 _222 _bJON |
| 100 | 1 |
_aJones, Charles Parker, _d1943- |
|
| 245 | 1 | 0 |
_aInvestments : _bAnalysis and Management / _cCharles P. Jones. |
| 250 | _a10th ed. | ||
| 260 |
_aNew York : _bJohn Wiley & Sons, _cc2007. |
||
| 263 | _a0608 | ||
| 300 |
_axxvi, 646 p. _bill. ; _c27 cm. |
||
| 500 | _aIncludes index. | ||
| 650 | 0 | _aInvestments. | |
| 650 | 0 | _aInvestment analysis. | |
| 856 | 4 | 1 |
_3Table of contents only _uhttp://www.loc.gov/catdir/toc/ecip0616/2006020847.html |
| 856 | 4 | 2 |
_3Contributor biographical information _uhttp://www.loc.gov/catdir/enhancements/fy0814/2006020847-b.html |
| 856 | 4 | 2 |
_3Publisher description _uhttp://www.loc.gov/catdir/enhancements/fy0814/2006020847-d.html |
| 942 |
_2ddc _cBB |
||
| 999 |
_c10605 _d10605 |
||